ABBA Take a chance on me (All lyrics) - Statistics

General Stats
  • This quiz has been taken 621 times
  • The average score is 340 of 418
Answer Stats
Lyrics % Correct
a
99%
chance
99%
I
99%
me
99%
on
99%
Take
99%
take
99%
you
99%
You
99%
If
95%
if
95%
the
95%
your
95%
free
94%
I'm
94%
still
92%
go
91%
be
89%
do
88%
Honey
88%
in
88%
to
88%
mind
86%
to
86%
when
86%
change
85%
let
85%
Let
85%
first
84%
can
83%
line
83%
my
81%
My
81%
no
81%
No
81%
We
80%
we
80%
know
79%
best
78%
it
78%
very
77%
all
76%
alone
76%
So
76%
so
76%
and
74%
you're
74%
that
72%
That
72%
love
71%
can't
70%
Gonna
70%
gonna
70%
need
68%
test
68%
try
68%
as
67%
get
66%
It's
66%
put
66%
dancing
65%
pretty
64%
walking
64%
got
63%
have
63%
lie
63%
of
62%
place
62%
around
61%
baby
61%
down
61%
just
61%
together
61%
we're
61%
with
61%
feeling
60%
wanna
60%
ain't
59%
birds
59%
magic
59%
much
59%
But
58%
but
58%
long
58%
want
58%
some
57%
time
57%
better
55%
there
55%
maybe
54%
music
53%
talking
53%
think
53%
affair
52%
'Cause
52%
flown
52%
Listen
52%
see
52%
I've
51%
is
50%
leave
50%
you've
50%
don't
46%
hurry
46%
afraid
45%
off
44%
dream
40%
enough
40%
now
40%
say
40%
Oh
39%
strong
39%
waste
39%
worry
37%
tell
35%
things
35%
hurt
34%
last
33%
rough
33%
Gotta
17%
No matching quizzes found
Score Distribution
Percent of People with Each Score
Percentile by Number Answered
Your Score History
You have not taken this quiz